A keresztény család szerepe hetedszer rendeztek konferenciát a Család Nemzetközi Napja alkalmából

Bibliographic Details
Main Author: Száz, Ildikó, 1970- (Author)
Format: Article
Language:Hungarian
PhysicalDescription:Fotogr.
Subjects:

MARC

LEADER 00000nab a2200000 ar4500
001 vtls008961449
003 SK-MaSNL
005 20260319071323.0
008 070313c20060524xo |||||||| 000 b|hun
015 |a SNBRB2007/03  |2 snkbucl 
038 |a SNKBUCL 
040 |a DSZK  |b slo  |c DSZK  |e AACR2 
041 0 |a hun 
044 |a xo  |c SK 
080 |a 316.356.2:282:061.3  |2 1997 
080 |a 282:061.3  |2 1997 
100 1 |a Száz, Ildikó,  |d 1970-   |4 aut  |9 103403 
245 1 0 |a A keresztény család szerepe  |b hetedszer rendeztek konferenciát a Család Nemzetközi Napja alkalmából  |c Száz Ildikó 
300 |b Fotogr. 
648 7 |a 2006  |2 snkbucl  |9 313148 
650 0 7 |a rodina  |x kresťanská morálka  |x konferencie  |2 snkbucl  |9 1068417 
650 0 7 |a kresťanská morálka  |2 snkbucl  |9 4269 
650 0 7 |a konferencie  |2 snkbucl  |9 19221 
651 7 |a Nové Zámky (Slovensko)  |2 snkbucl  |9 15884 
773 0 |t Új szó  |g Évf. 59, sz. 118 (24.5.2006) 
773 0 8 |i Mell.:  |t Szülőföldünk  |g Évf. 3, sz. 20 (2006), o. 27 
852 |a SNK  |b KIS3GCP 
852 |a DSZK  |b KIS3GCP 
958 |a HU 
958 |a SK 
958 |a NT 
999 |c 1756485  |d 1758415